000 00733nam a2200253Ia 4500
003 OSt
005 20220925232537.0
006 a|||||r|||| 00| 0
007 ta
008 220923b |||||||| |||| 00| 0 eng d
037 _cGeneral Book
040 _aRTL
_cRTL
_beng
041 _2eng
_aeng
082 _aX65:(Z,333)n2,N9, RR
245 0 _aIndian leasing year book
250 _a2nd
260 _aMumbai
_bPopular Prakashan India
300 _a498p.
_ccm.
490 _v1996
_aCentre for Monitoring Indian Economy, Publication
500 _aAssociation of Leasing and Financial Services
650 _aInvestment
942 _hX65:(Z,333)n2,N9, RR
_cGB
_2CC
999 _c591582
_d591582